[Event "21st Honor to National Resistance"]
[Site "Nikaia GRE"]
[Date "2013.08.29"]
[Round "4.4"]
[White "Moutousis,K"]
[Black "Drakoulakos,Grigorios"]
[Result "1-0"]
[WhiteElo "2406"]
[BlackElo "1925"]

1.Nf3 Nf6 2.c4 e6 3.g3 b6 4.Bg2 Bb7 5.O-O c5 6.d4 cxd4 7.Qxd4 d6 8.Rd1 Be7
9.Nc3 a6 10.Bg5 Nbd7 11.Qd2 Qc7 12.b3 O-O 13.Bf4 e5 14.Bg5 Rfe8 15.Rac1 Rac8
16.Nh4 Bxg2 17.Nxg2 h6 18.Bxf6 Nxf6 19.Ne3 Qc6 20.Ned5 Nxd5 21.Qxd5 Qc7 22.a4 Rb8
23.Qd3 Qc6 24.Nd5 Bf8 25.e4 Qb7 26.Rc3 Qc8 27.Qf3 Qd8 28.h4 Qc8 29.Kg2 Qd8
30.Qg4 Kh8 31.Rf3 Rb7 32.Rdd3 Qc8 33.Qxc8 Rxc8 34.h5 Re8 35.Rfe3 Kg8 36.f4 f6
37.Kf3 Kf7 38.Rd2 Reb8 39.Ra2 Ke6 40.Rd3 Be7 41.Kg4 Bd8 42.Ne3 Be7 43.Nf5 Bf8
44.Kf3 Rc8 45.Ke2 Rcb8 46.Kd1 Rc8 47.Ne3 Be7 48.Rad2 Rd8 49.Kc1 Rdd7 50.Nf5 Bf8
51.Kb1 Rd8 52.Ra2 Rc8 53.Rd5 Rcb8 54.Kb2 Kd7 55.Kc3 Ke6 56.Rad2 Rd7 57.a5 Rdb7
58.Nxd6 Rd7 59.f5+  1-0

[Event "TCh-SRB 1st League 2013"]
[Site "Kragujevac SRB"]
[Date "2013.08.30"]
[Round "7.4"]
[White "Ostojic,N1"]
[Black "Nadj Hedjesi,B"]
[Result "0-1"]
[WhiteElo "2440"]
[BlackElo "2395"]

1.Nf3 c5 2.c4 b6 3.g3 Bb7 4.Bg2 e6 5.O-O Nf6 6.Nc3 a6 7.b3 Be7 8.Bb2 O-O
9.e3 d5 10.a3 Nc6 11.cxd5 exd5 12.d4 Re8 13.Rc1 a5 14.dxc5 bxc5 15.Na4 Ba6
16.Bxf6 Bxf6 17.Rxc5 Bxf1 18.Bxf1 Rc8 19.Bb5 Re6 20.Rxd5 Qe7 21.Bc4 Qxa3
22.Nb6 Rce8 23.Rd7 Nb8 24.Bxe6 Nxd7 25.Bxd7 Rd8 26.Qd5 Qc1+ 27.Kg2 Qc7 28.Qb5 Rb8
29.Qxa5 Rxb6 30.Bb5 g6 31.h3 h5 32.Bc4 Bd8 33.Ng5 Qc6+ 34.Nf3 Qxf3+ 35.Kxf3 Rf6+
36.Ke2 Bxa5  0-1

[Event "15th Sants Open 2013"]
[Site "Barcelona ESP"]
[Date "2013.09.01"]
[Round "10.8"]
[White "Bailet,P"]
[Black "Aroshidze,L"]
[Result "0-1"]
[WhiteElo "2474"]
[BlackElo "2565"]

1.Nf3 c5 2.c4 Nf6 3.g3 b6 4.Bg2 Bb7 5.O-O e6 6.Nc3 d6 7.d4 cxd4 8.Nxd4 Bxg2
9.Kxg2 Qc8 10.Qd3 a6 11.b3 Be7 12.Bb2 O-O 13.Rac1 Ra7 14.Rfd1 Rc7 15.Kg1 Rd8
16.Nf3 h6 17.Ne4 Ne8 18.Qe3 Nd7 19.Ba3 Nc5 20.Nxc5 bxc5 21.Bb2 a5 22.Bc3 Qa6
23.Qd2 Ra7 24.a4 Rb8 25.Rb1 Rab7 26.Qc2 Bf6 27.Nd2 Bxc3 28.Qxc3 Rb4 29.Ne4 f5
30.Nd2 Nf6 31.Qe3 Kf7 32.Rbc1 Qc6 33.Rc3 Ng4 34.Qd3 Ne5 35.Qe3 Ng4 36.Qd3 Ne5
37.Qe3 R4b6 38.Nf3 Ng4 39.Qd3 Qb7 40.Qd2 Nf6 41.Rd3 Ne4 42.Qxa5 Ra8 43.Qe1 Rxb3
44.a5 Rxd3 45.exd3 Nxg3 46.Ne5+ dxe5 47.hxg3 Qc7 48.Ra1 Ra6 49.Qc3 h5 50.Ra2 g5
51.Kg2 h4 52.gxh4 gxh4 53.Ra1 Ra8 54.Rg1 Rxa5 55.Re1 Qc6+  0-1

[Event "TCh-SRB 1st League 2013"]
[Site "Kragujevac SRB"]
[Date "2013.09.01"]
[Round "9.4"]
[White "Sredojevic,I"]
[Black "Rajkovic,Du"]
[Result "1/2-1/2"]
[WhiteElo "2413"]
[BlackElo "2394"]

1.c4 Nf6 2.Nf3 b6 3.g3 c5 4.Bg2 Bb7 5.O-O e6 6.Nc3 Be7 7.Re1 d6 8.e4 e5 9.d3 O-O
10.a3 Nc6 11.Rb1 a5 12.Bg5 Nd4 13.Bxf6 Bxf6 14.b4 axb4 15.axb4 Qe7 16.Qd2 g6
17.Rb2 Nxf3+ 18.Bxf3 Bc6 19.Reb1 Ra3 20.Kg2 Kg7 21.bxc5 bxc5 22.Nb5 Ra6 23.Ra2 Rfa8
24.Rxa6 Rxa6 25.h4  1/2-1/2

[Event "12th Kesarovski Mem"]
[Site "Sunny Beach BUL"]
[Date "2013.09.02"]
[Round "3.5"]
[White "Kukov,V"]
[Black "Rombaldoni,Ax"]
[Result "0-1"]
[WhiteElo "2356"]
[BlackElo "2494"]

1.Nf3 Nf6 2.g3 b6 3.Bg2 Bb7 4.O-O e6 5.c4 c5 6.Nc3 Be7 7.Re1 d6 8.e4 a6 9.d4 cxd4
10.Nxd4 Qc7 11.Be3 Nbd7 12.Rc1 Rc8 13.f4 Qb8 14.Qe2 Qa8 15.Bf2 O-O 16.f5 e5
17.Nc2 b5 18.cxb5 axb5 19.Nb4 Rc4 20.a3 Rfc8 21.Rcd1 Nc5 22.Ncd5 Bxd5 23.Nxd5 Nxd5
24.Rxd5 Qa4 25.f6 Bxf6 26.Rxd6 Rc2 27.Rd2 Ne6 28.h4 Qb3 29.Rb1 Qa2 30.Rbd1 Qxb2
31.Bh3 Rxd2 32.Rxd2 Qxa3 33.Kg2 Qc3 34.Bxe6 fxe6 35.Rb2 Qc4 36.Kf1 b4 37.Be1 Be7
38.Kg2 Qxe2+  0-1

[Event "78th ch-ESP 2013"]
[Site "Linares ESP"]
[Date "2013.09.03"]
[Round "6.6"]
[White "Anton Guijarro,D"]
[Black "Alvarado Diaz,A"]
[Result "1/2-1/2"]
[WhiteElo "2570"]
[BlackElo "2313"]

1.Nf3 Nf6 2.g3 b6 3.Bg2 Bb7 4.O-O c5 5.c4 e6 6.Nc3 a6 7.Re1 Qc7 8.e4 d6 9.d4 cxd4
10.Nxd4 Be7 11.Bf4 Nbd7 12.Bxd6 Bxd6 13.Ndb5 axb5 14.Nxb5 Qb8 15.Nxd6+ Ke7
16.Nxb7 e5 17.g4 h6 18.b4 Qxb7 19.a4 Rhd8 20.Qb3 Qc7 21.h4 g5 22.hxg5 hxg5
23.Rec1 Qd6 24.Rd1 Qe6 25.f3 Rac8 26.Bf1 Nb8 27.Qe3 Nxg4 28.Qxg5+ Nf6 29.Qe3 Rh8
30.a5 Rcg8+ 31.Kf2 Rh2+ 32.Ke1 Nfd7 33.axb6 Nc6 34.c5 Nxb4 35.Rd2 Nc2+ 36.Rxc2 Rxc2
37.Ra7 Qc6 38.Qb3 Rxc5 39.Bh3 Rd8 40.Bxd7 Rxd7 41.Rxd7+ Kxd7 42.b7 Rc1+ 43.Kd2 Qh6+
44.Ke2 Qa6+ 45.Kd2 Qh6+ 46.Ke2 Qa6+ 47.Kd2 Qh6+  1/2-1/2

[Event "12th Kesarovski Mem"]
[Site "Sunny Beach BUL"]
[Date "2013.09.05"]
[Round "6.12"]
[White "Hadzimanolis,A"]
[Black "Chekhov,S"]
[Result "0-1"]
[WhiteElo "2304"]
[BlackElo "2462"]

1.Nf3 Nf6 2.c4 c5 3.g3 b6 4.Bg2 Bb7 5.O-O e6 6.Nc3 d6 7.b3 a6 8.Bb2 Be7 9.d4 cxd4
10.Qxd4 O-O 11.h3 Nbd7 12.Rfd1 Qc7 13.Rac1 Rac8 14.e3 Rfd8 15.Qd2 Qb8 16.Qe2 Qa8
17.Ne1 Bxg2 18.Nxg2 h6 19.Ne1 Bf8 20.Qf3 Qb8 21.Qe2 Qb7 22.Qf3 Qb8 23.Qe2 Rc7
24.Nc2 Ne5 25.Nd4 Nc6 26.Nf3 Be7 27.Rd2 Rb7 28.e4 Rc8 29.Nb1 Nd7 30.Ba3 b5
31.Rdc2 Rbc7 32.Kg2 b4 33.Bb2 Qa8 34.Nbd2 a5 35.Qe3 Nc5 36.g4 e5 37.Kh2 Nd8
38.Rg1 Nde6 39.Rg3 Ng5 40.h4 Ngxe4 41.Rg2 Nxd2 42.Rxd2 Qe4 43.Re2 Qxe3 44.Rxe3 a4
45.h5 Bg5 46.Nxg5 hxg5 47.f3 axb3 48.axb3 Ra8 49.Rd2 Rc6 50.Kg3 f6 51.Kf2 Kf7
52.Rd5 Ke6 53.Rd1 Ke7 54.Rd5 Ra2  0-1

[Event "6th Sabadell Open"]
[Site "Sabadell ESP"]
[Date "2013.09.06"]
[Round "5.6"]
[White "Vidarte Morales,A"]
[Black "Rojas Keim,L"]
[Result "0-1"]
[WhiteElo "2337"]
[BlackElo "2408"]

1.Nf3 e6 2.c4 c5 3.g3 b6 4.Bg2 Bb7 5.O-O Nf6 6.Nc3 Be7 7.Re1 d6 8.e4 a6 9.d4 cxd4
10.Nxd4 Qc7 11.b3 O-O 12.Bb2 Nbd7 13.Rc1 Rac8 14.Bh3 Qb8 15.Nxe6 fxe6 16.Bxe6+ Kh8
17.Nd5 Rce8 18.f4 Nc5 19.Bf5 Bc8 20.b4 Nxd5 21.cxd5 Bxf5 22.bxc5 bxc5 23.Rb1 Qc8
24.exf5 Qxf5 25.Qd2 Bf6 26.Bxf6 Qxf6 27.Kg2 Qf5 28.Rxe8 Rxe8 29.Rb6 Qe4+
30.Kh3 Qf3 31.Rb3 Qh5+ 32.Kg2 Re2+ 33.Kf1 Re8 34.Kg2 h6 35.Re3 Qf5 36.h3 Re4
37.Rd3 Ra4 38.a3 Qe4+ 39.Kf2 Qh1 40.Qe1 Qh2+ 41.Kf3 Qc2 42.Qe3 Kh7 43.f5 c4
44.Rd4 Qxf5+ 45.Kg2 Qc2+ 46.Rd2 Qb1 47.Rd4 Ra5  0-1

[Event "TCh-SUI 2013"]
[Site "Switzerland SUI"]
[Date "2013.09.08"]
[Round "7.5"]
[White "Buss,Ra"]
[Black "Almada,E"]
[Result "1-0"]
[WhiteElo "2395"]
[BlackElo "2330"]

1.Nf3 Nf6 2.c4 e6 3.g3 b6 4.Bg2 Bb7 5.O-O c5 6.Nc3 Be7 7.Re1 d5 8.cxd5 exd5
9.d4 O-O 10.Bf4 Nbd7 11.dxc5 bxc5 12.Nh4 g6 13.Nxd5 Nxd5 14.Bxd5 Bxd5 15.Qxd5 Bxh4
16.gxh4 Qxh4 17.Bg3 Qg4 18.Rad1 Nb6 19.Qxc5 Rfd8 20.Qc2 h5 21.h4 Rdc8 22.Qd3 Qh3
23.b3 Rc5 24.Bd6 Qxd3 25.Rxd3 Rc2 26.a4 Re8 27.e3 Re4 28.Bf4 Nc8 29.Rd4 Re6
30.Red1 Kg7 31.Rb4 Re7 32.Rb8 Re6 33.Rb7 Re7 34.Rb8 Re6 35.Rb7 Re7 36.Rxe7 Nxe7
37.Be5+ f6 38.Rd7 Kf7 39.Bd6 Ke6 40.Rxe7+ Kxd6 41.Rxa7 Ke5 42.Kg2 Kf5 43.Rb7 Ra2
44.Rb5+ Kg4 45.Rb4+ Kf5 46.Kg3 Ra1 47.Rb5+ Ke4 48.Kg2 Ra2 49.Kg3 Ra1 50.a5 Rg1+
51.Kh2 Ra1 52.Kg2 Ra2 53.b4 Ra1 54.Rb6 Kf5 55.a6 g5 56.Rb5+  1-0

[Event "UKR-POL Academic Teams"]
[Site "Lviv UKR"]
[Date "2013.09.26"]
[Round "2"]
[White "Sergienko,Vladislav"]
[Black "Kula,Mateusz"]
[Result "1-0"]
[WhiteElo "2192"]
[BlackElo "1670"]

1.Nf3 Nf6 2.c4 e6 3.g3 b6 4.Bg2 Bb7 5.O-O c5 6.Nc3 Be7 7.d4 cxd4 8.Nxd4 Bxg2
9.Kxg2 O-O 10.Nf3 d6 11.b3 a6 12.Bb2 Nbd7 13.e4 Qc7 14.Qe2 Nc5 15.Rad1 Rfd8
16.Rfe1 h6 17.Nd4 Bf8 18.f4 Re8 19.Qf3 Qb7 20.e5 Nh7 21.exd6 Rad8 22.Nc6 Rxd6
23.Rxd6 Bxd6 24.Rd1 Qc7 25.b4 Nb7 26.b5 a5 27.Ne4 Be7 28.Qg4 g6 29.Qf3 Nc5
30.Qc3 f6 31.Nxe7+ Qxe7 32.Nxf6+ Nxf6 33.Qxf6 Qxf6 34.Bxf6 Kf7 35.Be5 Rc8
36.Kf3 Ke7 37.Bd6+ Kf6 38.g4 Na4 39.Rc1 Kf7 40.Ke3 Nc5 41.h4 Na4 42.Be5 Nc5
43.Rd1 h5 44.gxh5 gxh5 45.Rg1 Rg8 46.Rxg8 Kxg8 47.Bc7 Nd7 48.c5 Nxc5 49.Bxb6 Nb7
50.Kd4 Kf7 51.Ke5 Ke7 52.a4 Kf7  1-0

[Event "Tatry Open 2013"]
[Site "Tatranske Zruby SVK"]
[Date "2013.09.30"]
[Round "2.16"]
[White "Pribyl,Jo"]
[Black "Sorkovsky,M"]
[Result "1-0"]
[WhiteElo "2314"]
[BlackElo "2209"]

1.c4 Nf6 2.Nf3 e6 3.g3 b6 4.Bg2 Bb7 5.O-O c5 6.Nc3 Be7 7.d4 cxd4 8.Qxd4 d6
9.Rd1 a6 10.b3 Nbd7 11.Bb2 O-O 12.e4 Qc7 13.Rac1 Rac8 14.h3 Rfe8 15.Qe3 Qb8
16.Nd4 Qa8 17.Re1 Bd8 18.Rcd1 Bc7 19.Nb1 Nc5 20.Nd2 Rcd8 21.Nc2 e5 22.Nb4 b5
23.Nd5 Nxd5 24.exd5 Bb6 25.Qe2 b4 26.Ne4 Qa7 27.Kh2 Nxe4 28.Bxe4 g6 29.Rf1 Bc8
30.g4 f6 31.Bc1 Kh8 32.Bh6 Qe7 33.Rg1 a5 34.Rg2 Bd7 35.Qd2 Rb8 36.Bc2 Bc5
37.Re1 Rg8 38.f4 Bd4 39.Qxd4  1-0

[Event "23rd EYCC Open U16 2013"]
[Site "Budva MNE"]
[Date "2013.10.07"]
[Round "8.3"]
[White "Huber,Mart AUT"]
[Black "Zenzera,A"]
[Result "0-1"]
[WhiteElo "2297"]
[BlackElo "2428"]

1.Nf3 Nf6 2.c4 b6 3.g3 Bb7 4.Bg2 c5 5.O-O e6 6.Nc3 a6 7.d4 cxd4 8.Qxd4 d6
9.Rd1 Be7 10.b3 Nbd7 11.Bb2 O-O 12.Qd2 Qc7 13.e3 Rac8 14.Qe2 Qb8 15.Nd4 Bxg2
16.Kxg2 Rfe8 17.f4 d5 18.cxd5 exd5 19.Qf3 Ba3 20.Bxa3 Rxc3 21.Re1 g6 22.Bb2 Rcc8
23.g4 Qd6 24.g5 Ne4 25.Qe2 b5 26.a3 Ndc5 27.Rad1 Ne6 28.Qd3 Qd7 29.h3 N6c5
30.Qe2 h6 31.gxh6 Kh7 32.Qg4 Qxg4+ 33.hxg4 Nxb3 34.Re2 Nbc5 35.Nf3 Na4 36.Rxd5 Nxb2
37.Rxb2 Nf6 38.Rd6 Nxg4 39.Ng5+ Kxh6 40.Nxf7+ Kg7 41.Rd7 Nxe3+ 42.Kf3 Rc3
43.Ng5+ Kg8 44.Ne4 Nd1+ 45.Nxc3 Nxb2 46.Nd5 Re6 47.Rd8+ Kf7 48.Ra8 Nc4 49.Ra7+ Kf8
50.Ra8+ Kg7 51.Ra7+ Kh6 52.Ne7 Kh5 53.Nd5 Nd2+ 54.Kg3 Kh6 55.Kh4 Ne4 56.Rf7 Nd6
57.Ra7 Ne4 58.Rf7 Rd6 59.Ne3 Nf6 60.Ra7 Rd4 61.Rxa6 Rxf4+ 62.Kg3 Kg5 63.Ra5 Ne4+
64.Kg2 Rf2+ 65.Kg1 Kf4 66.Nf1 Kf3 67.Nh2+ Kg3 68.Nf1+ Kh3 69.Ne3 Re2  0-1

[Event "TCh-ISL Div1 2013-14"]
[Site "Reykjavik ISL"]
[Date "2013.10.11"]
[Round "2.2"]
[White "Grandelius,N"]
[Black "Teitsson,M"]
[Result "1-0"]
[WhiteElo "2547"]
[BlackElo "2220"]

1.Nf3 b6 2.g3 Bb7 3.Bg2 Nf6 4.c4 c5 5.O-O e6 6.Nc3 Be7 7.d4 cxd4 8.Qxd4 d6
9.Bg5 a6 10.Rfd1 Nbd7 11.Qd2 Rc8 12.Bf4 Rxc4 13.Bxd6 Bxd6 14.Qxd6 Qb8 15.Ne5 Qxd6
16.Rxd6 Rc7 17.Bxb7 Rxb7 18.Rad1 g5 19.e4 g4 20.Nc6 Rg8 21.e5 Nd5 22.Nxd5 exd5
23.e6 fxe6 24.Rxe6+ Kf7 25.Re7+  1-0

[Event "3rd Central Asia Cup"]
[Site "Dushanbe TJK"]
[Date "2013.10.12"]
[Round "1.12"]
[White "Maznitsin,A"]
[Black "Nasriddinzoda,M"]
[Result "0-1"]
[WhiteElo "2306"]
[BlackElo "2031"]

1.c4 Nf6 2.Nf3 e6 3.g3 b6 4.Bg2 Bb7 5.O-O c5 6.Nc3 Be7 7.d4 cxd4 8.Qxd4 d6
9.b3 O-O 10.Ba3 Na6 11.Rfd1 Nc5 12.Rac1 a6 13.Bb2 Qb8 14.b4 Ncd7 15.Ng5 Bxg2
16.Kxg2 Qb7+ 17.Kg1 Rfc8 18.Nge4 Ne8 19.Ba1 Rd8 20.b5 Nc5 21.Nxc5 dxc5 22.Qf4 axb5
23.cxb5 h6 24.Rxd8 Bxd8 25.Rd1 Nf6 26.a4 Bc7 27.Qc4 Be5 28.Bb2 Nd5 29.Nxd5 exd5
30.Qc2 Bxb2 31.Qxb2 Rxa4 32.Qb3 Rb4 33.Qf3 Re4 34.e3 d4 35.exd4 Re1+  0-1

[Event "TCh-FIN SM 2013-14"]
[Site "Jyvaskyla FIN"]
[Date "2013.10.12"]
[Round "3.3"]
[White "Mertanen,J"]
[Black "Luukkonen,T"]
[Result "1-0"]
[WhiteElo "2358"]
[BlackElo "2291"]

1.Nf3 c5 2.c4 Nf6 3.g3 b6 4.Bg2 Bb7 5.O-O e6 6.Nc3 Be7 7.d4 cxd4 8.Qxd4 d6
9.Bg5 Nbd7 10.Nb5 h6 11.Bxf6 Nxf6 12.Rfd1 d5 13.cxd5 exd5 14.Rac1 O-O 15.Qa4 Ne4
16.Ne5 a6 17.Nc3 b5 18.Qb3 Bg5 19.Bxe4 Qe8 20.Bxd5 Bxd5 21.Nxd5 Bxc1 22.Ng6 Bg5
23.Nxf8 Qxf8 24.Qd3 Rc8 25.h4 Bd8 26.Qf5 Rc6 27.Kg2 Re6 28.Qf3 Rd6 29.h5 g5
30.e4 Qe8 31.Ne3 Rxd1 32.Nxd1 Qe6 33.b3 a5 34.Ne3 a4 35.Nf5 Kh7 36.Qd3 Bb6
37.Qd5 axb3 38.axb3 g4 39.Nd6 b4 40.Nxf7 Qf6 41.Qf5+ Qxf5 42.exf5  1-0

[Event "TCh-ISL Div1 2013-14"]
[Site "Reykjavik ISL"]
[Date "2013.10.13"]
[Round "5.2"]
[White "Arnason,T"]
[Black "Bergsson,Sn"]
[Result "1/2-1/2"]
[WhiteElo "2265"]
[BlackElo "2302"]

1.Nf3 Nf6 2.c4 e6 3.g3 b6 4.Bg2 Bb7 5.O-O c5 6.Nc3 Be7 7.d4 cxd4 8.Qxd4 d6
9.b3 O-O 10.Bb2 a6 11.Rad1 Qc7 12.Ba3 Ne8 13.e4 Nd7 14.Qe3 Rc8 15.e5 Bxf3
16.exd6 Bxd6 17.Bxd6 Nxd6 18.Bxf3 Nf5 19.Qe2 Rfd8 20.Be4 Nd6 21.Bb1 Nf6 22.Rd4 Nb7
23.Rfd1 Rxd4 24.Rxd4 Nc5 25.b4 Ncd7 26.Ne4 Nxe4 27.Bxe4 g6 28.f4 e5 29.fxe5 Nxe5
30.Bd5 Kg7 31.Re4 f6 32.Kg2  1/2-1/2

[Event "13th Sautron Open 2013"]
[Site "Sautron FRA"]
[Date "2013.10.28"]
[Round "4.5"]
[White "Ider,B"]
[Black "Kasparov,S"]
[Result "1/2-1/2"]
[WhiteElo "2377"]
[BlackElo "2480"]

1.Nf3 Nf6 2.c4 c5 3.g3 b6 4.Bg2 Bb7 5.O-O e6 6.Nc3 d6 7.d4 cxd4 8.Qxd4 a6
9.b3 Nbd7 10.Bb2 Be7 11.Rfd1 O-O 12.Ng5 Bxg2 13.Kxg2 Rc8 14.Nge4 Rc6 15.Rac1 Qa8
16.f3 Rfc8 17.Ba3 Nc5 18.Nxc5 dxc5 19.Qe3 Rd8 20.Bb2 Rcd6 21.Rxd6 Rxd6 22.Rd1 Rxd1
23.Nxd1 Qd8 24.Nf2 Ne8 25.Nd3 Bf6 26.Bxf6 Nxf6 27.Qe5 Ne8 28.Qe4 Qc8 29.Qe5 Qd8
30.Qe4 Qc8 31.Qe5  1/2-1/2

[Event "8th Herbstopen"]
[Site "Deizisau GER"]
[Date "2013.10.29"]
[Round "6.4"]
[White "Wittmann,Ral"]
[Black "Zeller,F"]
[Result "1/2-1/2"]
[WhiteElo "2196"]
[BlackElo "2414"]

1.Nf3 Nf6 2.c4 c5 3.g3 b6 4.Bg2 Bb7 5.O-O e6 6.b3 Be7 7.Bb2 O-O 8.e3 d6 9.Qe2 Nbd7
10.Nc3 a6 11.Rfd1 Qc7 12.d4 Rfe8 13.Rac1 Rac8 14.Nh4 Bxg2 15.Nxg2 cxd4 16.exd4 Bf8
17.Qf3 g6 18.Ne3 Bg7 19.g4 Nf8 20.g5 Nh5 21.Ne4 h6 22.h4 Nh7 23.Ba3 Rcd8
24.Ng4 hxg5 25.hxg5 Qe7 26.Qe3 f5 27.gxf6 N5xf6 28.Ngxf6+ Nxf6 29.Nxd6 Rxd6
30.Qg3 Red8 31.Qxg6 Nh7 32.Bxd6 Rxd6 33.c5 Rd5 34.Kf1 Nf8 35.Qg3 bxc5 36.dxc5 Rxd1+
37.Rxd1 Qxc5 38.Rd8  1/2-1/2

[Event "13th Sautron Open 2013"]
[Site "Sautron FRA"]
[Date "2013.10.30"]
[Round "6.4"]
[White "Drasko,M"]
[Black "Duboue,P"]
[Result "1/2-1/2"]
[WhiteElo "2451"]
[BlackElo "2239"]

1.Nf3 c5 2.g3 b6 3.Bg2 Bb7 4.O-O Nf6 5.c4 e6 6.Nc3 Be7 7.d4 cxd4 8.Qxd4 Nc6
9.Qf4 O-O 10.b3 d5 11.cxd5 Nxd5 12.Nxd5 Qxd5 13.Bb2 Qf5 14.Qxf5 exf5 15.Rfc1 Rac8
16.Ne5 Bf6 17.Nxc6 Bxb2 18.Ne7+ Kh8 19.Nxc8 Bxc8 20.Rab1 Bxc1 21.Rxc1 Ba6
22.Bf1 Rc8 23.Rd1 g6 24.Rd7 Rc1 25.Kg2 Kg7 26.Rxa7 Bb5 27.f3 g5 28.a4 Bc6
29.Kf2 Bd5 30.Bh3 g4 31.Bg2 Bxb3 32.Ra6 Rc2 33.Rxb6 Bxa4 34.h3 Bd7 35.hxg4  1/2-1/2

[Event "TCh-CZE Extraliga 2013-14"]
[Site "Novy Bor CZE"]
[Date "2013.11.02"]
[Round "1.4"]
[White "Petr,Ma"]
[Black "Laznicka,V"]
[Result "1/2-1/2"]
[WhiteElo "2530"]
[BlackElo "2677"]

1.Nf3 Nf6 2.g3 b6 3.Bg2 Bb7 4.O-O e6 5.c4 c5 6.Nc3 Be7 7.Re1 d5 8.cxd5 exd5
9.d4 O-O 10.Bf4 Na6 11.Rc1 Re8 12.dxc5 bxc5 13.Ne5 Bd6 14.Nd3 Rb8 15.b3 h6
16.Na4 Rc8 17.Bxd6 Qxd6 18.Qd2 Qe7 19.Qa5 c4 20.bxc4 dxc4 21.Bxb7 Qxb7 22.Ne5 Ne4
23.f3 Nd6 24.Red1 Qb5 25.Rd5 Qxa5 26.Rxa5 Nc5 27.Nxf7 Nxf7 28.Rxc5 Rxc5 29.Nxc5 Rxe2
30.Rxc4 Rxa2 31.f4 a5 32.Ne6 Nd6 33.Rc7 Re2 34.Rxg7+ Kh8 35.Rg6 Nf5 36.g4 a4
37.gxf5 a3 38.Rxh6+ Kg8 39.Nd4 a2 40.Nb3 Rb2 41.Ra6 Rxb3 42.Rxa2 Kf7 43.Kg2 Kf6
44.Ra5 Rb2+ 45.Kg3 Rb1 46.h4 Rg1+ 47.Kf3 Rf1+ 48.Kg4 Rg1+ 49.Kh5 Rg8 50.Ra7 Rh8+
51.Kg4 Rg8+ 52.Kf3 Rg1 53.Ra6+ Kxf5 54.Ra5+ Kf6 55.h5 Rh1 56.h6 Rxh6 57.Ra6+ Kf5
58.Rxh6  1/2-1/2

[Event "TCh-CZE Extraliga 2013-14"]
[Site "Turnov CZE"]
[Date "2013.11.02"]
[Round "1.5"]
[White "Bindrich,F"]
[Black "Svoboda,V2"]
[Result "1-0"]
[WhiteElo "2561"]
[BlackElo "2428"]

1.Nf3 c5 2.c4 b6 3.g3 Bb7 4.Bg2 Nf6 5.O-O e6 6.Nc3 Be7 7.d4 cxd4 8.Qxd4 O-O
9.Bf4 d6 10.Qd2 Qd7 11.Rfd1 Rd8 12.Rac1 Na6 13.h3 Rac8 14.Nb5 Ne4 15.Qe3 d5
16.Nxa7 Bc5 17.Qxe4 dxe4 18.Rxd7 Rxd7 19.Ne5 Rcd8 20.Nxd7 Rxd7 21.Nb5 e3
22.Bxb7 exf2+ 23.Kf1 Rxb7 24.a3 e5 25.Bxe5 Rd7 26.Bf4 h6 27.b4 g5 28.bxc5 gxf4
29.c6 Rd8 30.gxf4 Rc8 31.Nd4  1-0

[Event "3rd Panama Open"]
[Site "Panama City PAN"]
[Date "2013.11.05"]
[Round "9.37"]
[White "Pilarte,R"]
[Black "Flores Rojas,Federico"]
[Result "1-0"]
[WhiteElo "2132"]
[BlackElo "1929"]

1.Nf3 c5 2.c4 Nf6 3.g3 b6 4.Bg2 Bb7 5.O-O e6 6.Nc3 a6 7.b3 Be7 8.Bb2 O-O
9.d4 cxd4 10.Nxd4 Bxg2 11.Kxg2 Nc6 12.Qd2 Qc7 13.Rac1 Bc5 14.Nf3 Bb4 15.Qc2 Qb7
16.Kg1 Rac8 17.Ne4 Nxe4 18.Qxe4 f5 19.Qd3 Be7 20.Rfd1 Rfd8 21.a3 b5 22.cxb5 Qxb5
23.Qxb5 axb5 24.b4 g5 25.h3 Kf7 26.g4 Kg6 27.Kg2 h5 28.Kg3 d5 29.Rxc6 Bd6+
30.Rxd6 Rxd6 31.Ne5+ Kh7 32.Rd2 fxg4 33.hxg4 h4+ 34.Kh3 Rdd8 35.Nf7 Rg8 36.Nd6  1-0

[Event "TCh-SVK Ext 2013-14"]
[Site "Trencin SVK"]
[Date "2013.11.09"]
[Round "1.1"]
[White "Lipka,J"]
[Black "Petrik,T"]
[Result "1/2-1/2"]
[WhiteElo "2410"]
[BlackElo "2519"]

1.Nf3 Nf6 2.c4 c5 3.g3 b6 4.Bg2 Bb7 5.O-O e6 6.Nc3 Be7 7.d4 cxd4 8.Qxd4 d6
9.Bg5 a6 10.Bxf6 Bxf6 11.Qf4 Bxf3 12.exf3 Ra7 13.Rfd1 Rd7 14.Qe3 O-O 15.f4 Qc7
16.Rac1 g6 17.b3  1/2-1/2

[Event "Chennai GM Open 2013"]
[Site "Chennai IND"]
[Date "2013.11.15"]
[Round "1.8"]
[White "Prakash,G"]
[Black "Arun Prasad,S"]
[Result "1/2-1/2"]
[WhiteElo "2266"]
[BlackElo "2529"]

1.Nf3 Nf6 2.c4 c5 3.g3 b6 4.Bg2 Bb7 5.O-O e6 6.Nc3 Be7 7.b3 O-O 8.Bb2 d6
9.d4 cxd4 10.Nxd4 Bxg2 11.Kxg2 a6 12.e3 Ra7 13.f4 Qc8 14.Qf3 Rc7 15.f5 Nc6
16.Nxc6 Rxc6 17.Ne4 Nxe4 18.Qxe4 d5 19.cxd5 exd5 20.Qxe7 Rc2+ 21.Kg1 Rxb2
22.Rac1 Rc2 23.Rxc2 Qxc2 24.f6 Qe4 25.Rc1 gxf6 26.Qxe4 dxe4 27.Rc6 Rd8 28.Rxb6 Rd1+
29.Kg2 Rd2+ 30.Kf1 Rxa2 31.Rxf6 Ra3 32.Rb6 Ra1+ 33.Kg2 Ra2+ 34.Kh3 Kg7 35.Kg4 Rxh2
36.Rxa6 Rb2 37.Kf4 Rxb3 38.Kxe4  1/2-1/2

[Event "TCh-AUT 2nd Mitte 2013-14"]
[Site "Gleisdorf AUT"]
[Date "2013.11.17"]
[Round "5.4"]
[White "Ebner,H"]
[Black "Pacher,S"]
[Result "1-0"]
[WhiteElo "2208"]
[BlackElo "2046"]

1.Nf3 Nf6 2.c4 b6 3.g3 c5 4.Bg2 Bb7 5.O-O e6 6.d4 cxd4 7.Qxd4 Nc6 8.Qf4 d5
9.Nc3 Bd6 10.Qh4 Ne7 11.Bg5 Nf5 12.Bxf6 gxf6 13.Qh5 d4 14.Nb5 Bc5 15.Nfxd4 Bxg2
16.Nxe6 Qc8 17.Kxg2 Qc6+ 18.Kh3 Ke7 19.Nec7 Ng7 20.Qh6 Ne6 21.Nd5+ Kd7 22.Qxf6 Rhe8
23.Qxf7+ Kc8 24.Kg2 Kb8 25.Rad1 a6 26.Nc3 Ra7 27.Qf6 Rf8 28.Qe5+ Kc8 29.b4 Bxb4
30.Ne4 Bc5 31.Rb1 Re8 32.Qh5 Nf4+ 33.gxf4 Rxe4 34.Qf5+ Re6 35.Rb3 Rd7 36.e4 Kb7
37.Rfb1 Rg7+ 38.Rg3 Reg6 39.Qe5 b5  1-0

[Event "4th Brno Open 2013"]
[Site "Brno CZE"]
[Date "2013.11.18"]
[Round "4.4"]
[White "Vorobyov,Y"]
[Black "Chan,Na"]
[Result "1/2-1/2"]
[WhiteElo "2226"]
[BlackElo "1848"]

1.Nf3 Nf6 2.c4 e6 3.g3 b6 4.Bg2 Bb7 5.O-O c5 6.d4 cxd4 7.Qxd4 Be7 8.Nc3 O-O
9.Rd1 Nc6 10.Qf4 Qc8 11.b3 Rd8 12.Bb2 d5 13.cxd5 exd5 14.Rac1 h6 15.h3 Qe6
16.g4 Bd6 17.Qf5 Qxf5 18.gxf5 Ne7 19.Nd4 Bc5 20.Na4 Bxd4 21.Bxd4 Ne8 22.f6 gxf6
23.Be3 Nf5 24.Bf4 Rd7 25.Bf3 d4 26.Bg4 Rd5 27.Bxf5 Rxf5 28.Rxd4 h5 29.Rc3 Kh7
30.Re3 Bd5 31.Re7 Be6 32.Bd2 b5 33.Nc3 Kg6 34.Kg2 a5 35.b4 axb4 36.Rxb4 Bxa2
37.Rxb5 Nd6 38.Rb4 Be6 39.Bf4 Ra3 40.Nb1 Ra6 41.Nd2 Rfa5 42.e4 f5 43.f3 fxe4
44.fxe4 Ra2 45.h4 Nc4 46.Rxe6+ Rxe6 47.Rxc4 Rf6 48.e5 Rxf4 49.Rxf4 Rxd2+
50.Kf3 Rd1 51.Rf6+ Kg7 52.Kf4 Rg1 53.Kf5 Rg4 54.Ra6 Rxh4 55.Ra7 Rh1 56.e6 Rf1+
57.Kg5 Kf8  1/2-1/2

[Event "Piestany Open 2013"]
[Site "Piestany SVK"]
[Date "2013.11.22"]
[Round "6.19"]
[White "Mesaros,J"]
[Black "Feranec,M"]
[Result "1-0"]
[WhiteElo "1822"]
[BlackElo "1724"]

1.c4 Nf6 2.Nf3 e6 3.g3 b6 4.Bg2 Bb7 5.O-O c5 6.Nc3 Be7 7.d4 O-O 8.d5 d6 9.e4 e5
10.Ne1 Nbd7 11.Nd3 a6 12.a4 Rb8 13.f4 Ba8 14.fxe5 dxe5 15.Nf2 Bd6 16.Qe2 Bb7
17.Nfd1 Re8 18.b3 Nf8 19.Ne3 Ng6 20.Nf5 Bf8 21.Bg5 Bc8 22.Nh6+ gxh6 23.Bxf6 Qd6
24.Qe3 Bd7 25.Rf2 Rb7 26.Raf1 Bg4 27.h3 Bc8 28.Kh2 Rc7 29.Nd1 h5 30.h4 b5
31.Nb2 Bg4 32.axb5 axb5 33.cxb5 Rb7 34.Nc4 Qd7 35.Qc3  1-0

[Event "1st Srefidensi Masters 2013"]
[Site "Paramaribo SUR"]
[Date "2013.11.23"]
[Round "6.2"]
[White "Sanches,R"]
[Black "Gajadin,D"]
[Result "1-0"]
[WhiteElo "2037"]
[BlackElo "2138"]

1.Nf3 Nf6 2.g3 b6 3.Bg2 Bb7 4.O-O e6 5.c4 c5 6.Nc3 Be7 7.a3 O-O 8.d3 Nc6
9.Rb1 d5 10.cxd5 exd5 11.d4 Re8 12.Re1 Ne4 13.e3 Bf6 14.Ne2 c4 15.Nd2 Nxd2
16.Bxd2 Qd7 17.Nf4 Ne7 18.Bh3 Qc7 19.Rc1 b5 20.Nh5 Bg5 21.f4 Bh6 22.g4 Qb6
23.g5 Qg6 24.Ng3 Bxg5 25.fxg5 Qxg5 26.e4 Qh4 27.Qg4 Ng6 28.e5 Bc8 29.Qxh4 Nxh4
30.Bg2 Be6 31.Bh1 h6 32.Rf1 Rad8 33.Rf4 g5 34.Rf2 Bg4 35.Bg2  1-0

[Event "2nd Hyderabad GM Open 2013"]
[Site "Hyderabad IND"]
[Date "2013.11.28"]
[Round "5.5"]
[White "Babujian,L"]
[Black "Mozharov,M"]
[Result "1-0"]
[WhiteElo "2510"]
[BlackElo "2508"]

1.c4 e6 2.Nf3 Nf6 3.g3 b6 4.Bg2 Bb7 5.O-O c5 6.Nc3 d6 7.d4 cxd4 8.Qxd4 a6
9.Rd1 Nbd7 10.b3 Qc7 11.Bb2 Be7 12.Qf4 O-O 13.Rac1 Rac8 14.g4 Nc5 15.g5 Nfe4
16.Nxe4 Nxe4 17.h4 f6 18.Qe3 e5 19.Nh2 f5 20.b4 h6 21.Nf3 hxg5 22.hxg5 Qc6
23.c5 dxc5 24.Nxe5 Qe6 25.g6 Bf6 26.Bxe4 fxe4 27.Rd6 Qf5 28.bxc5 Bxe5 29.Bxe5 Qxe5
30.Qb3+ Bd5 31.Rxd5 Qe6 32.Rd6 Qxb3 33.axb3 bxc5 34.Rxa6 Rf5 35.e3 Rb8 36.Re6 Rf6
37.Rxe4 Rxg6+ 38.Kf1 Rxb3 39.Re8+ Kh7 40.Re5 Rf6 41.Rcxc5 Rb2 42.Rf5 Kg6
43.Rg5+ Kh7 44.Rcf5 Rxf5 45.Rxf5 Kg6 46.Rf8 Kh6 47.Kg2 g6 48.Rf7 g5 49.Kg3 Kg6
50.Rd7 Rb4 51.Rd6+ Kf5 52.f3 g4 53.e4+ Ke5 54.Rd5+  1-0

[Event "TCh-CZE Extraliga 2013-14"]
[Site "Frydek-Mistek CZE"]
[Date "2013.11.30"]
[Round "3.3"]
[White "Antoniewski,R"]
[Black "Petrik,T"]
[Result "1-0"]
[WhiteElo "2550"]
[BlackElo "2519"]

1.Nf3 Nf6 2.c4 e6 3.g3 b6 4.Bg2 Bb7 5.O-O c5 6.Nc3 Be7 7.d4 cxd4 8.Qxd4 d6
9.Bg5 a6 10.Bxf6 Bxf6 11.Qf4 Bxf3 12.exf3 Ra7 13.Rfd1 Rd7 14.Qe3 O-O 15.f4 g6
16.Rac1 Qc7 17.Na4 Rdd8 18.b4 Nd7 19.h4 Rb8 20.h5 Rfc8 21.hxg6 hxg6 22.Bf3 Be7
23.Nc3 Nf6 24.Na4 Nd7 25.Kg2 Qd8 26.Be2 Qf8 27.a3 a5 28.Nc3 axb4 29.axb4 Nf6
30.Rh1 Qg7 31.Rh3 Re8 32.Rch1 d5 33.Qe5 Kf8 34.cxd5 Bxb4 35.dxe6 Ng8 36.Rh7  1-0